[Event "Bosnjaci op 28th"]
[Site "Bosnjaci"]
[Date "2024.01.04"]
[Round "3"]
[White "Culum, Sanjin"]
[Black "Pestek, Elvis"]
[Result "1-0"]
[WhiteElo "2349"]
[BlackElo "1983"]
[PlyCount "77"]
[EventDate "2024.01.03"]
[EventType "swiss"]
[EventRounds "9"]
[EventCountry "CRO"]
[SourceTitle "CB02_2024"]
[SourceDate "2024.01.10"]
[SourceVersion "1"]
[SourceVersionDate "2024.01.10"]
[SourceQuality "1"]

1. e4 e5 2. Nf3 Nc6 3. d4 exd4 4. Nxd4 Bc5 5. Nb3 Bb6 6. Nc3 d6 7. Bf4 Be6 8. Qd2 Nge7 9. 0-0-0 Ng6 10. Bg5 f6 11. Be3 Qd7 12. f4 Bxb3 13. axb3 Bxe3 14. Qxe3 0-0-0 15. Be2 Kb8 16. Qg3 Nb4 17. h4 a6 18. h5 Nf8 19. Rd2 Qe7 20. Re1 Nd7 21. Bf3 Rhe8 22. Rde2 Qf7 23. Kb1 Rg8 24. Nd5 Nc6 25. Rd2 g5 26. hxg6 hxg6 27. Be2 g5 28. Qc3 Nc5 29. Bc4 Qg7 30. b4 Na4 31. Qa3 b5 32. Bb3 Kb7 33. Bxa4 bxa4 34. Qxa4 Na7 35. Qb3 Rge8 36. Qf3 g4 37. Qd3 c6 38. Ne3 Nb5 39. c4 1-0

[Event "Bosnjaci op 26th"]
[Site "Bosnjaci"]
[Date "2022.01.06"]
[Round "6"]
[White "Jelecevic, Ivo"]
[Black "Pestek, Elvis"]
[Result "1/2-1/2"]
[WhiteElo "2127"]
[BlackElo "2012"]
[PlyCount "116"]
[EventDate "2022.01.03"]
[EventType "swiss"]
[EventRounds "9"]
[EventCountry "CRO"]
[SourceTitle "EXT 2023"]
[Source "ChessBase"]
[SourceDate "2022.10.05"]
[SourceVersion "1"]
[SourceVersionDate "2022.10.05"]
[SourceQuality "1"]

1. e4 e6 2. d4 d5 3. Nd2 Nf6 4. e5 Nfd7 5. f4 c5 6. Ndf3 Nc6 7. Ne2 cxd4 8. Nexd4 Nc5 9. Be2 Be7 10. 0-0 0-0 11. Be3 Ne4 12. c3 Bd7 13. Bd3 f5 14. exf6 Nxf6 15. Ne5 Bd6 16. Nxd7 Qxd7 17. Qf3 Rae8 18. Qh3 Nxd4 19. Bxd4 e5 20. Bf5 Qc7 21. fxe5 Bxe5 22. Rad1 Bxd4+ 23. Rxd4 Qe5 24. Bc2 Ne4 25. Rxf8+ Rxf8 26. Qe3 Qf5 27. Rd1 b6 28. c4 Qf6 29. cxd5 Nd6 30. Qe6+ Kh8 31. Qxf6 gxf6 32. Re1 Re8 33. Rxe8+ Nxe8 34. Kf2 Nd6 35. Kf3 Kg7 36. Bd3 h6 37. Ke3 Kf7 38. Kd4 Ke7 39. b4 Kf7 40. a4 Ke7 41. a5 Kf7 42. g4 Ke7 43. h4 Kd7 44. axb6 axb6 45. Ke3 Ke7 46. Kf4 Kf7 47. g5 hxg5+ 48. hxg5 fxg5+ 49. Kxg5 Ke7 50. Bg6 Kd7 51. Kf6 Kc7 52. Ke7 Nc8+ 53. Ke6 Nd6 54. Bd3 Nb7 55. Bb5 Nd6 56. Ba6 Ne4 57. Ke7 Nd6 58. Bd3 Nc8+ 1/2-1/2

[Event "BIH-chT 19th"]
[Site "Neum"]
[Date "2021.09.22"]
[Round "7.6"]
[White "Pestek, Elvis"]
[Black "Savanovic, Aleksandar"]
[Result "0-1"]
[WhiteElo "2006"]
[BlackElo "2399"]
[PlyCount "87"]
[EventDate "2021.09.17"]
[EventType "team-tourn"]
[EventRounds "9"]
[EventCountry "BIH"]
[SourceTitle "EXT 2023"]
[Source "ChessBase"]
[SourceDate "2022.10.05"]
[SourceVersion "1"]
[SourceVersionDate "2022.10.05"]
[SourceQuality "1"]
[WhiteTeam "Gorazde"]
[BlackTeam "Sarajevo Bosna"]
[WhiteTeamCountry "BIH"]
[BlackTeamCountry "BIH"]

1. e4 e5 2. Nf3 Nc6 3. Bb5 a6 4. Ba4 Nf6 5. 0-0 Nxe4 6. Re1 Nc5 7. Bxc6 dxc6 8. Nxe5 Be7 9. d4 Ne6 10. c3 0-0 11. Nd2 f6 12. Nd3 Re8 13. Ne4 Bf8 14. Nf4 Qd7 15. Qh5 b6 16. Bd2 Qf7 17. Qf3 Bd7 18. Rad1 h6 19. h4 a5 20. a3 a4 21. Bc1 Nxf4 22. Bxf4 h5 23. Qg3 Bf5 24. f3 Rac8 25. Rd2 c5 26. d5 Bxe4 27. fxe4 c4 28. Rde2 Bc5+ 29. Kh1 Re7 30. Qf3 Bd6 31. Bxd6 cxd6 32. Qf2 Rb8 33. Qd4 b5 34. Rf1 Qg6 35. Rfe1 Qg4 36. Qf2 Rbe8 37. Kg1 Rxe4 38. Rxe4 Rxe4 39. g3 Kh7 40. Kh2 Kg6 41. Rxe4 Qxe4 42. Qd2 Qf3 43. Qc2+ Qd3 44. Qg2 0-1

[Event "Sarajevo Bosna op 49th"]
[Site "Sarajevo"]
[Date "2019.04.30"]
[Round "5"]
[White "Obad, Andrija"]
[Black "Pestek, Elvis"]
[Result "1-0"]
[WhiteElo "2319"]
[BlackElo "1995"]
[PlyCount "55"]
[EventDate "2019.04.27"]
[EventType "swiss"]
[EventRounds "9"]
[EventCountry "BIH"]
[SourceTitle "CBM 190 Extra"]
[Source "ChessBase"]
[SourceDate "2019.07.15"]
[SourceVersion "1"]
[SourceVersionDate "2019.07.15"]
[SourceQuality "1"]

1. e4 e6 2. d4 d5 3. Nd2 Nf6 4. e5 Nfd7 5. Bd3 c5 6. c3 Nc6 7. Ne2 Qb6 8. Nf3 cxd4 9. cxd4 f6 10. exf6 Nxf6 11. 0-0 Bd6 12. Nc3 0-0 13. h3 Bd7 14. Re1 Rae8 15. Be3 Qd8 16. Rc1 a6 17. Na4 Ne4 18. a3 Ne7 19. Bxe4 dxe4 20. Ng5 Nf5 21. Nxe4 Nxe3 22. fxe3 Bb8 23. Nac5 Bc6 24. Qg4 Qd5 25. Rf1 b6 26. Rxf8+ Rxf8 27. Nxe6 g6 28. Nxf8 1-0

[Event "Sarajevo Bosna op 49th"]
[Site "Sarajevo"]
[Date "2019.04.30"]
[Round "6"]
[White "Pestek, Elvis"]
[Black "Colpa, Fahrudin"]
[Result "0-1"]
[WhiteElo "1995"]
[BlackElo "1848"]
[PlyCount "48"]
[EventDate "2019.04.27"]
[EventType "swiss"]
[EventRounds "9"]
[EventCountry "BIH"]
[SourceTitle "CBM 190 Extra"]
[Source "ChessBase"]
[SourceDate "2019.07.15"]
[SourceVersion "1"]
[SourceVersionDate "2019.07.15"]
[SourceQuality "1"]

1. e4 Nc6 2. d4 e5 3. Nf3 exd4 4. Bc4 Nf6 5. e5 d5 6. Bb5 Ng4 7. h3 Nxf2 8. Kxf2 Bc5 9. Bd3 h6 10. Re1 Be6 11. a3 0-0 12. Kg1 f6 13. b4 Bb6 14. b5 Nxe5 15. Nxe5 fxe5 16. Rxe5 Qf6 17. Qe2 Rae8 18. Nd2 c5 19. Qe1 c4 20. Bf1 d3+ 21. Kh1 Bd4 22. Nf3 Bxa1 23. Re3 dxc2 24. Bd2 Bb2 0-1

[Event "Sarajevo Bosna op 49th"]
[Site "Sarajevo"]
[Date "2019.04.27"]
[Round "1"]
[White "Nestorovic, Nikola"]
[Black "Pestek, Elvis"]
[Result "1/2-1/2"]
[WhiteElo "2473"]
[BlackElo "1995"]
[PlyCount "87"]
[EventDate "2019.04.27"]
[EventType "swiss"]
[EventRounds "9"]
[EventCountry "BIH"]
[SourceTitle "CBM 190 Extra"]
[Source "ChessBase"]
[SourceDate "2019.07.15"]
[SourceVersion "1"]
[SourceVersionDate "2019.07.15"]
[SourceQuality "1"]

1. e4 e6 2. d4 d5 3. exd5 exd5 4. Nf3 Bd6 5. Bd3 Nf6 6. 0-0 0-0 7. h3 Re8 8. Nc3 c6 9. Bg5 Nbd7 10. Nh4 Qc7 11. Qf3 h6 12. Bd2 Qd8 13. Nf5 Nf8 14. Nxd6 Qxd6 15. Bf4 Qd8 16. Ne2 Ng6 17. Rfe1 Nxf4 18. Qxf4 Be6 19. Ng3 Qb8 20. Re5 Nd7 21. Nh5 Nxe5 22. dxe5 Qd8 23. h4 Kf8 24. Nf6 Qc7 25. Nxe8 Rxe8 26. Re1 Qa5 27. c3 c5 28. Qe3 d4 29. cxd4 cxd4 30. Qe2 Rc8 31. f4 g6 32. h5 Bg4 33. Qf2 Bxh5 34. f5 gxf5 35. Bxf5 Rc5 36. g4 Bxg4 37. b4 Qxb4 38. Bxg4 d3 39. Bh5 Rc7 40. Rf1 Qc4 41. Qxa7 Qh4 42. Qb8+ Kg7 43. Qxc7 Qg3+ 44. Kh1 1/2-1/2

[Event "Sarajevo Bosna op 46th"]
[Site "Sarajevo"]
[Date "2016.06.02"]
[Round "8"]
[White "Pestek, Elvis"]
[Black "Aleksic, Neven"]
[Result "0-1"]
[WhiteElo "2003"]
[BlackElo "2146"]
[PlyCount "44"]
[EventDate "2016.05.28"]
[EventType "swiss"]
[EventRounds "9"]
[EventCountry "BIH"]
[SourceTitle "EXT 2019"]
[Source "ChessBase"]
[SourceDate "2018.10.10"]
[SourceVersion "1"]
[SourceVersionDate "2018.10.10"]
[SourceQuality "1"]

1. e4 e5 2. Nf3 Nc6 3. d4 exd4 4. Bc4 Bc5 5. c3 Nf6 6. e5 d5 7. Bb5 Ne4 8. Nxd4 0-0 9. Bxc6 bxc6 10. 0-0 Ba6 11. Re1 Qh4 12. Be3 f6 13. exf6 Rxf6 14. g3 Qh3 15. Nd2 Nxf2 16. Bxf2 Rxf2 17. Kxf2 Qxh2+ 18. Ke3 Re8+ 19. Kf3 Rf8+ 20. Kg4 h5+ 21. Kg5 Qxg3+ 22. Kxh5 g6+ 0-1

[Event "Sarajevo Bosna op 46th"]
[Site "Sarajevo"]
[Date "2016.06.01"]
[Round "7"]
[White "Marn, Jan"]
[Black "Pestek, Elvis"]
[Result "0-1"]
[WhiteElo "1831"]
[BlackElo "2003"]
[PlyCount "49"]
[EventDate "2016.05.28"]
[EventType "swiss"]
[EventRounds "9"]
[EventCountry "BIH"]
[SourceTitle "EXT 2019"]
[Source "ChessBase"]
[SourceDate "2018.10.10"]
[SourceVersion "1"]
[SourceVersionDate "2018.10.10"]
[SourceQuality "1"]

1. e4 e6 2. d4 d5 3. e5 c5 4. c3 Nc6 5. Nf3 Bd7 6. a3 Rc8 7. b4 cxd4 8. cxd4 Nge7 9. Be3 Nf5 10. Bd3 Nxe3 11. fxe3 Be7 12. 0-0 0-0 13. Nbd2 f6 14. Qb1 f5 15. Kh1 Kh8 16. Rg1 h5 17. h3 g6 18. g4 fxg4 19. hxg4 Rf7 20. gxh5 Rh7 21. Kg2 gxh5 22. Kf2 Bh4+ 23. Ke2 Be8 24. Nxh4 Qxh4 25. Nf3 0-1

[Event "BIH-chT 14th"]
[Site "Prijedor"]
[Date "2015.09.13"]
[Round "9.3"]
[White "Pestek, Elvis"]
[Black "Jelcic, Marko"]
[Result "0-1"]
[WhiteElo "2038"]
[BlackElo "2125"]
[PlyCount "118"]
[EventDate "2015.09.05"]
[EventType "team-tourn"]
[EventRounds "9"]
[EventCountry "BIH"]
[SourceTitle "EXT 2016"]
[Source "ChessBase"]
[SourceDate "2015.10.08"]
[SourceVersion "1"]
[SourceVersionDate "2015.10.08"]
[SourceQuality "1"]
[WhiteTeam "Gorazde"]
[BlackTeam "Siroki Brijeg"]
[WhiteTeamCountry "BIH"]
[BlackTeamCountry "BIH"]

1. e4 c5 2. Nf3 g6 3. d4 cxd4 4. Nxd4 Nc6 5. Be3 Bg7 6. Nc3 d6 7. Qd2 Nf6 8. f3 0-0 9. 0-0-0 d5 10. Nxc6 bxc6 11. exd5 Nxd5 12. Nxd5 cxd5 13. Qxd5 Qc7 14. Qxa8 Bf5 15. Qxf8+ Kxf8 16. Rd2 h5 17. Bc4 Bxb2+ 18. Kxb2 Qxc4 19. Bd4 Be6 20. Kc1 Qxa2 21. Bb2 f6 22. Re1 Bf5 23. f4 Qc4 24. g3 Qc5 25. Rde2 a5 26. Kb1 e6 27. Bxf6 Bxc2+ 28. Ka2 Qb4 29. Bb2 Qa4+ 30. Ba3+ Kf7 31. Re3 Qc4+ 32. Ka1 Qd4+ 33. Bb2 Qa4+ 34. Ra3 Qb4 35. Rae3 Bb3 36. Rc3 Qa4+ 37. Kb1 Bd5 38. Ra3 Qb4 39. Rc1 Bb3 40. Rc7+ Ke8 41. Rc3 Qe4+ 42. Ka1 Qe1+ 43. Rc1 Qb4 44. Rc3 a4 45. h4 Qb5 46. Rc1 Qd3 47. Rc3 Qf1+ 48. Bc1 Qd1 49. Raxb3 axb3 50. Kb2 Kf7 51. Rxb3 Kf6 52. Rc3 Qe2+ 53. Kb1 Kf5 54. Bb2 Qd1+ 55. Rc1 Qd3+ 56. Ka2 Qxg3 57. Rc5+ Ke4 58. Rc4+ Kd5 59. Rd4+ Kc5 0-1

[Event "BIH-chT 14th"]
[Site "Prijedor"]
[Date "2015.09.10"]
[Round "6.5"]
[White "Markovic, Dino"]
[Black "Pestek, Elvis"]
[Result "1/2-1/2"]
[WhiteElo "1961"]
[BlackElo "2038"]
[PlyCount "119"]
[EventDate "2015.09.05"]
[EventType "team-tourn"]
[EventRounds "9"]
[EventCountry "BIH"]
[SourceTitle "EXT 2016"]
[Source "ChessBase"]
[SourceDate "2015.10.08"]
[SourceVersion "1"]
[SourceVersionDate "2015.10.08"]
[SourceQuality "1"]
[WhiteTeam "Zenica Celik"]
[BlackTeam "Gorazde"]
[WhiteTeamCountry "BIH"]
[BlackTeamCountry "BIH"]

1. d4 f5 2. e4 fxe4 3. Nc3 Nf6 4. Bg5 g6 5. Bxf6 exf6 6. Nxe4 Bg7 7. Nd2 0-0 8. Bd3 Nc6 9. c3 d5 10. Ne2 Ne7 11. 0-0 Nf5 12. Nf3 Nd6 13. Qb3 Be6 14. Nf4 Bf7 15. Rfe1 Qd7 16. h4 c6 17. g3 Bh6 18. Ng2 Rfe8 19. Qc2 Be6 20. Nh2 Bf5 21. Rxe8+ Rxe8 22. Re1 Kf7 23. Rxe8 Bxd3 24. Qxd3 Qxe8 25. h5 Qe4 26. hxg6+ hxg6 27. Qd1 Nc4 28. Ng4 Bf8 29. b3 Nb2 30. Qc1 Qe2 31. Qf4 Qe6 32. N2e3 Qd6 33. Ne5+ Ke8 34. Nxg6 Qxf4 35. Nxf4 Bd6 36. Ne2 Nd3 37. f4 Ba3 38. Kg2 Kf7 39. Kf3 Ne1+ 40. Kf2 Nd3+ 41. Kf1 Ke6 42. Kg2 a5 43. Kf3 b5 44. g4 Kf7 45. c4 dxc4 46. bxc4 Nb4 47. cxb5 cxb5 48. Nc3 Bb2 49. Ned1 Bc1 50. Ke4 a4 51. Nxb5 Nxa2 52. Ndc3 Nxc3+ 53. Nxc3 a3 54. Na2 Bd2 55. g5 fxg5 56. fxg5 Bxg5 57. Kd5 Be3 58. Kc4 Bh6 59. Kb3 Bf8 60. Nc3 1/2-1/2

[Event "BIH-chT 14th"]
[Site "Prijedor"]
[Date "2015.09.08"]
[Round "4.5"]
[White "Pestek, Elvis"]
[Black "Popic, Boris"]
[Result "0-1"]
[WhiteElo "2038"]
[BlackElo "1985"]
[PlyCount "78"]
[EventDate "2015.09.05"]
[EventType "team-tourn"]
[EventRounds "9"]
[EventCountry "BIH"]
[SourceTitle "EXT 2016"]
[Source "ChessBase"]
[SourceDate "2015.10.08"]
[SourceVersion "1"]
[SourceVersionDate "2015.10.08"]
[SourceQuality "1"]
[WhiteTeam "Gorazde"]
[BlackTeam "Sokolac Glasinac"]
[WhiteTeamCountry "BIH"]
[BlackTeamCountry "BIH"]

1. e4 c5 2. Nf3 d6 3. d4 cxd4 4. Nxd4 Nf6 5. Nc3 a6 6. f3 e6 7. Be3 Be7 8. Qd2 0-0 9. 0-0-0 Qc7 10. g4 b5 11. Kb1 Bb7 12. h4 b4 13. Nce2 d5 14. e5 Nfd7 15. f4 Nb6 16. Qe1 Nc4 17. Bc1 Nd7 18. h5 Rfc8 19. g5 Nc5 20. Bh3 Qb6 21. Rg1 a5 22. f5 Nxe5 23. fxe6 fxe6 24. Nf4 Bd6 25. Nfxe6 Re8 26. Qh4 a4 27. g6 h6 28. Rgf1 Bf8 29. Nxf8 Rxf8 30. Qe7 Rfe8 31. Qh4 b3 32. cxb3 axb3 33. a3 Ba6 34. Rf5 Bd3+ 35. Rxd3 Ncxd3 36. Rf1 Nxc1 37. Rxc1 Nc4 38. Nf5 Nd2+ 39. Ka1 Rxa3+ 0-1

[Event "Sarajevo Bosna op 45th"]
[Site "Sarajevo"]
[Date "2015.05.31"]
[Round "3"]
[White "Jovanovic, Zoran"]
[Black "Pestek, Elvis"]
[Result "1-0"]
[WhiteElo "2518"]
[BlackElo "2035"]
[PlyCount "50"]
[EventDate "2015.05.30"]
[EventType "swiss"]
[EventRounds "9"]
[EventCountry "BIH"]
[SourceTitle "CBM 166 Extra"]
[Source "ChessBase"]
[SourceDate "2015.06.18"]
[SourceVersion "1"]
[SourceVersionDate "2015.06.18"]
[SourceQuality "1"]

1. e4 e6 2. d4 d5 3. Nc3 Bb4 4. Bd3 Bd7 5. exd5 exd5 6. a3 Bxc3+ 7. bxc3 Nf6 8. Ne2 0-0 9. 0-0 Re8 10. Bg5 Be6 11. Rb1 b6 12. Nf4 Nbd7 13. Re1 c6 14. Qf3 h6 15. Nxe6 Rxe6 16. Rxe6 fxe6 17. Bf4 Qe7 18. Qe3 Qf7 19. Re1 Re8 20. Bd6 b5 21. Qg3 Ne4 22. Bxe4 dxe4 23. Rxe4 Qf5 24. Be5 Qf7 25. Bxg7 Kh7 1-0

[Event "Sarajevo Bosna op 45th"]
[Site "Sarajevo"]
[Date "2015.05.30"]
[Round "1"]
[White "Dizdarevic, Emir"]
[Black "Pestek, Elvis"]
[Result "1-0"]
[WhiteElo "2546"]
[BlackElo "2035"]
[PlyCount "49"]
[EventDate "2015.05.30"]
[EventType "swiss"]
[EventRounds "9"]
[EventCountry "BIH"]
[SourceTitle "CBM 166 Extra"]
[Source "ChessBase"]
[SourceDate "2015.06.18"]
[SourceVersion "1"]
[SourceVersionDate "2015.06.18"]
[SourceQuality "1"]

1. Nf3 d5 2. g3 Nf6 3. Bg2 e6 4. c4 c6 5. Qc2 Nbd7 6. d4 Bb4+ 7. Nbd2 0-0 8. 0-0 Re8 9. Rd1 Bf8 10. e4 Nxe4 11. Nxe4 dxe4 12. Qxe4 Nb6 13. b3 e5 14. Bg5 exd4 15. Rxd4 Rxe4 16. Rxd8 Be6 17. Rxa8 Nxa8 18. Rd1 f6 19. Be3 Nb6 20. Rd8 Bf7 21. Rb8 Re7 22. a4 Rc7 23. Bh3 Nd7 24. Bxd7 Rxd7 25. Bc5 1-0

[Event "Sarajevo Bosna op-B 44th"]
[Site "Sarajevo"]
[Date "2014.06.03"]
[Round "6"]
[White "Pestek, Elvis"]
[Black "Nestorovic, Katarina"]
[Result "1-0"]
[WhiteElo "2033"]
[BlackElo "1586"]
[PlyCount "89"]
[EventDate "2014.05.30"]
[EventType "swiss"]
[EventRounds "9"]
[EventCountry "BIH"]
[SourceTitle "CBM 160 Extra"]
[Source "ChessBase"]
[SourceDate "2014.07.01"]
[SourceVersion "1"]
[SourceVersionDate "2014.07.01"]
[SourceQuality "1"]

1. e4 c5 2. Nf3 e6 3. d4 cxd4 4. Nxd4 Nf6 5. Nc3 d6 6. Be3 Be7 7. f3 0-0 8. Qd2 Nc6 9. 0-0-0 a6 10. Kb1 Nxd4 11. Bxd4 b5 12. a3 Bb7 13. g4 Nd7 14. h4 Ne5 15. Qf2 Qc7 16. g5 Nc4 17. Bxc4 Qxc4 18. h5 a5 19. Ne2 e5 20. Be3 b4 21. b3 Qe6 22. a4 d5 23. Ng3 dxe4 24. Nxe4 Bxe4 25. fxe4 Qg4 26. Qf5 Qxf5 27. exf5 Rfd8 28. Kc1 Rxd1+ 29. Rxd1 Rd8 30. Rxd8+ Bxd8 31. Kd2 Kf8 32. Kd3 f6 33. g6 hxg6 34. hxg6 Ke7 35. Ke4 Kd7 36. Bh6 Ke7 37. Bxg7 Ke8 38. Bh6 Bb6 39. Kd5 Ke7 40. Bd2 Bd8 41. c3 bxc3 42. Bxc3 Bc7 43. b4 axb4 44. Bxb4+ Ke8 45. Ke6 1-0

[Event "Sarajevo Bosna op-B 43rd"]
[Site "Sarajevo"]
[Date "2013.06.07"]
[Round "8"]
[White "Pestek, Elvis"]
[Black "Oputic, Mirsad"]
[Result "1-0"]
[WhiteElo "2025"]
[BlackElo "1958"]
[PlyCount "91"]
[EventDate "2013.06.01"]
[EventType "swiss"]
[EventRounds "9"]
[EventCountry "BIH"]
[SourceTitle "CBM 154 Extra"]
[Source "ChessBase"]
[SourceDate "2013.06.25"]
[SourceVersion "2"]
[SourceVersionDate "2013.06.25"]
[SourceQuality "1"]

1. e4 c6 2. d4 d5 3. Nc3 dxe4 4. Nxe4 Bf5 5. Ng3 Bg6 6. Nf3 Nd7 7. h4 h6 8. Bd3 Bxd3 9. Qxd3 e6 10. Bd2 Ngf6 11. 0-0-0 Bd6 12. Ne4 Nxe4 13. Qxe4 Nf6 14. Qe2 Nd5 15. g3 Qc7 16. c4 Nf6 17. Kb1 a6 18. c5 Be7 19. Ne5 Nd5 20. Qh5 Bf6 21. Nc4 Be7 22. Ne5 Bf6 23. Nc4 Be7 24. Rhe1 a5 25. Rxe6 0-0-0 26. Bxa5 Qd7 27. Rxe7 Qxe7 28. Bxd8 Rxd8 29. Nd6+ Rxd6 30. cxd6 Qxd6 31. Qxf7 Qb4 32. Qf5+ Kb8 33. Qc2 Qb5 34. a3 Nb6 35. Qc5 Qe2 36. Rc1 Nd5 37. Rc2 Qd1+ 38. Ka2 Qd3 39. Qc4 Qd1 40. Qc5 Qd3 41. Rc4 Qe2 42. f4 Qd3 43. Qd6+ Ka7 44. Ra4+ Kb6 45. Qd8+ Nc7 46. Rb4+ 1-0

[Event "Sarajevo Bosna op-B 43rd"]
[Site "Sarajevo"]
[Date "2013.06.06"]
[Round "7"]
[White "Stavnjak, Lazar"]
[Black "Pestek, Elvis"]
[Result "1-0"]
[WhiteElo "2226"]
[BlackElo "2025"]
[PlyCount "120"]
[EventDate "2013.06.01"]
[EventType "swiss"]
[EventRounds "9"]
[EventCountry "BIH"]
[SourceTitle "CBM 154 Extra"]
[Source "ChessBase"]
[SourceDate "2013.06.25"]
[SourceVersion "2"]
[SourceVersionDate "2013.06.25"]
[SourceQuality "1"]

1. e4 e6 2. d4 d5 3. Nc3 Nf6 4. Bg5 Be7 5. e5 Nfd7 6. Bxe7 Qxe7 7. f4 a6 8. Nf3 c5 9. Qd2 Nc6 10. dxc5 Qxc5 11. Bd3 Nd4 12. Nxd4 Qxd4 13. 0-0-0 b5 14. Kb1 Qb6 15. Ne2 Bb7 16. Rhf1 0-0-0 17. c3 Nc5 18. Nd4 g6 19. h3 h5 20. g3 Kb8 21. Bc2 Rc8 22. Rh1 Rhd8 23. g4 hxg4 24. hxg4 Rc7 25. Rh7 Rdc8 26. a3 Ne4 27. Bxe4 dxe4 28. f5 gxf5 29. gxf5 Bd5 30. Rh6 Qc5 31. Qe2 Re8 32. fxe6 fxe6 33. Rg1 Kb7 34. Rhg6 Rf7 35. Rg7 Ree7 36. Rxf7 Rxf7 37. Rf1 Qc7 38. Rxf7 Qxf7 39. a4 bxa4 40. c4 Bc6 41. Nxc6 Kxc6 42. Qxe4+ Kc7 43. Qd3 Qf8 44. Qd4 Qb4 45. Qa7+ Kd8 46. Qxa6 Qe1+ 47. Ka2 Qxe5 48. Qxa4 Qd4 49. Qb5 Qa7+ 50. Kb3 Qe3+ 51. Ka4 e5 52. Qb8+ Kd7 53. b4 e4 54. Qb7+ Kd8 55. c5 Qd3 56. Qb8+ Ke7 57. Qe5+ Kf7 58. b5 Qc4+ 59. Ka5 Qa2+ 60. Kb6 Qe6+ 1-0

[Event "Sarajevo Bosna op-B 43rd"]
[Site "Sarajevo"]
[Date "2013.06.02"]
[Round "3"]
[White "Pasalic, Harun"]
[Black "Pestek, Elvis"]
[Result "1/2-1/2"]
[WhiteElo "2171"]
[BlackElo "2025"]
[PlyCount "87"]
[EventDate "2013.06.01"]
[EventType "swiss"]
[EventRounds "9"]
[EventCountry "BIH"]
[SourceTitle "CBM 154 Extra"]
[Source "ChessBase"]
[SourceDate "2013.06.25"]
[SourceVersion "2"]
[SourceVersionDate "2013.06.25"]
[SourceQuality "1"]

1. e4 e6 2. d4 d5 3. Nd2 Nf6 4. e5 Nfd7 5. Bd3 c5 6. c3 Nc6 7. Ne2 cxd4 8. cxd4 f6 9. exf6 Nxf6 10. Nf3 Bd6 11. 0-0 0-0 12. Bf4 Qc7 13. Bxd6 Qxd6 14. Ng3 e5 15. dxe5 Nxe5 16. Nxe5 Qxe5 17. Qd2 Bd7 18. Rfe1 Qd6 19. Bf5 Rae8 20. Qd4 b6 21. Bxd7 Qxd7 22. f3 Re7 23. Rxe7 Qxe7 24. Rc1 Qd7 25. Ne2 Rc8 26. Nc3 Rc4 27. Qd3 Qe7 28. Kh1 Qc5 29. Rd1 h6 30. h3 d4 31. Ne2 Nh5 32. g4 Nf6 33. Nxd4 Rc1 34. Nf5 Rxd1+ 35. Qxd1 Qf2 36. Qb3+ Kh8 37. Qe3 Qf1+ 38. Kh2 Nd5 39. Qd4 Qe2+ 40. Kg1 Qe1+ 41. Kg2 Qe2+ 42. Kg1 Qe1+ 43. Kg2 Qe2+ 44. Kg1 1/2-1/2